[Event "GRE-ch U20"]
[Site "Chania"]
[Date "2018.04.12"]
[Round "4"]
[White "Kotsoglou, Giorgos"]
[Black "Pelantakis, Mihail"]
[Result "0-1"]
[WhiteElo "1315"]
[BlackElo "1808"]
[PlyCount "138"]
[EventDate "2018.04.10"]
[EventType "swiss"]
[EventRounds "9"]
[EventCountry "GRE"]
[SourceTitle "CBM 184 Extra"]
[Source "ChessBase"]
[SourceDate "2018.06.28"]
[SourceVersion "1"]
[SourceVersionDate "2018.06.28"]
[SourceQuality "1"]
[WhiteTeam "Greece"]
[BlackTeam "Greece"]
[WhiteTeamCountry "GRE"]
[BlackTeamCountry "GRE"]

1. e4 Nc6 2. d4 d5 3. e5 f6 4. f4 Nh6 5. Nf3 Bf5 6. Bd3 e6 7. c3 Be7 8. Be3 0-0 9. h3 fxe5 10. fxe5 Bxd3 11. Qxd3 Rxf3 12. gxf3 Bh4+ 13. Ke2 Nf5 14. Rg1 Ng3+ 15. Kd2 Ne7 16. Na3 Nef5 17. Nc2 Bg5 18. Rae1 Nxe3 19. Nxe3 Nf5 20. Kc2 Bxe3 21. Rxe3 Nxe3+ 22. Qxe3 Qh4 23. Qg5 Qxg5 24. Rxg5 Rf8 25. Rg3 c5 26. Kd3 cxd4 27. cxd4 g6 28. Kd2 Kg7 29. b3 Kh6 30. Ke3 Kh5 31. Rg2 Kh4 32. Rc2 Rf7 33. f4 Kxh3 34. Rc1 Kg2 35. Rc2+ Kg3 36. Rf2 h5 37. Rf3+ Kg4 38. Rf1 h4 39. Rg1+ Kh5 40. Rg5+ Kh6 41. Rg4 Rf5 42. Rxh4+ Rh5 43. Rg4 Rh2 44. Kd3 Rxa2 45. Kc3 Rf2 46. Kb4 Rf3 47. Kc5 Rxb3 48. Kd6 Rb6+ 49. Ke7 Kg7 50. Rg3 a5 51. Rc3 a4 52. Rg3 Ra6 53. f5 exf5 54. Kd7 Kf7 55. Re3 a3 56. e6+ Rxe6 57. Rxe6 b5 58. Rb6 f4 59. Rxb5 g5 60. Kd6 g4 61. Kxd5 a2 62. Ra5 f3 63. Rxa2 g3 64. Ra3 f2 65. Rf3+ Ke7 66. Re3+ Kd7 67. Rxg3 f1Q 68. Rg7+ Ke8 69. Rg5 Qb5+ 0-1

[Event "GRE-ch U20"]
[Site "Chania"]
[Date "2017.01.04"]
[Round "4.21"]
[White "Kotsoglou, Giorgos"]
[Black "Christodoulakis, Michail"]
[Result "0-1"]
[WhiteElo "1233"]
[BlackElo "1086"]
[PlyCount "142"]
[EventDate "2017.01.02"]
[EventType "swiss"]
[EventRounds "9"]
[EventCountry "GRE"]
[SourceTitle "EXT 2024"]
[Source "ChessBase"]
[SourceDate "2023.10.10"]
[SourceVersion "1"]
[SourceVersionDate "2023.10.10"]
[SourceQuality "1"]

1. e4 e5 2. Nf3 Nc6 3. d4 exd4 4. Nxd4 Nf6 5. Nxc6 bxc6 6. Bd3 Bc5 7. 0-0 0-0 8. Nc3 d6 9. Bg5 Bd4 10. Qd2 Qe7 11. Rae1 Qe5 12. Kh1 Qa5 13. Bc4 Bxc3 14. bxc3 Nd7 15. f4 h6 16. Bh4 Ba6 17. Qe2 Bxc4 18. Qxc4 Qb5 19. Qd3 Qxd3 20. cxd3 Rfb8 21. Rb1 Nc5 22. Rxb8+ Rxb8 23. Rd1 Rb2 24. h3 Rxa2 25. Bd8 Ra3 26. Bxc7 Rxc3 27. Bxd6 Nxd3 28. Rd2 a5 29. Kg1 a4 30. Ra2 a3 31. Kf1 c5 32. f5 Nc1 33. Ra1 a2 34. e5 Rc2 35. e6 fxe6 36. fxe6 Nb3 37. e7 Kf7 38. Re1 Ke8 39. Be5 Rc1 40. Rxc1 Nxc1 41. Bxg7 Nb3 42. Ke2 a1Q 43. Bxa1 Nxa1 44. Kd3 Nb3 45. Kc4 Nc1 46. Kxc5 Kxe7 47. Kd4 Ne2+ 48. Ke3 Ng3 49. Kf3 Nf5 50. g4 Nh4+ 51. Kg3 Ng6 52. h4 Ke6 53. h5 Ne7 54. g5 hxg5 55. h6 Kf6 56. Kg4 Ng6 57. h7 Nh8 58. Kg3 Kg6 59. Kg4 Nf7 60. Kg3 Kxh7 61. Kg4 Kg6 62. Kg3 Kf5 63. Kf3 g4+ 64. Kg3 Kg5 65. Kg2 Kf4 66. Kf2 g3+ 67. Kg2 Kg4 68. Kg1 Kf3 69. Kf1 g2+ 70. Kg1 Nd6 71. Kh2 Kf2 0-1